Datum a čas kvízu
29
Celkem bodů
Celkový počet nahraných bodů na tomto kvízu bez doplňovacích otázek.
11.
Pořadí na kvízu
Konečné umístění týmu na tomto kvízu.
Zaznamenané odpovědi
| # | Otázka | Odpověď | Body | Výsledky |
|---|---|---|---|---|
| 1. | Jiří Langmajer, Zdislava Pokor... | Hejt není názor | 0 | |
| 2. | Britská Sněmovna lordů v pátek... | C | 0 | |
| 3. | Legendární americký folkový zp... | Paul Simon | 1 | |
| 4. | Americký Federální úřad pro le... | A | 1 | |
| 5. | Který úspěšný plavec se stal m... | David Kratochvíl | 0 | |
| 6. | Vaším prvním úkolem v dnešním... | 1D 2C 3A 4B | 0 | |
| 7. | Poznejte gangsterku dle stručn... | Dannyho parťáci (Ocean's Eleven) | 0 | |
| 8. | Italští herci Carlo Pedersoli... | Bud Spencer a Terence Hill | 1 | |
| 9. | Gangster, na kterého se ptáme,... | Jabba Hutt | 1 | |
| 10. | Uveďte jméno i příjmení postav... | John Wick | 1 |